Người dẫn đầu thành công
Enregistré dans:
| Auteur principal: | |
|---|---|
| Format: | Livre |
| Publié: |
Hà nội
Lao động - Xã hội
2007
|
| Sujets: | |
| Tags: |
Ajouter un tag
Pas de tags, Soyez le premier à ajouter un tag!
|
| Thư viện lưu trữ: | Trung tâm Học liệu Lê Vũ Hùng, Trường Đại học Đồng Tháp |
|---|
| LEADER | 00828aam a22003258a 4500 | ||
|---|---|---|---|
| 001 | 00036023 | ||
| 005 | 20171026081025.0 | ||
| 008 | 170112s2007 ||||||Viesd | ||
| 020 | # | # | |c 51000 |
| 041 | 0 | # | |a Vie |
| 082 | 1 | 4 | |a 650.1 |b NG558D |
| 100 | 1 | # | |a Minh, Khang |
| 245 | 1 | 0 | |a Người dẫn đầu thành công |c Minh Khang; Thanh Trúc; Ngọc Châu |
| 260 | # | # | |a Hà nội |b Lao động - Xã hội |c 2007 |
| 300 | # | # | |a 396tr. |c 21cm. |
| 653 | # | # | |a Kỹ năng |
| 653 | # | # | |a Thành công |
| 653 | # | # | |a Kinh doanh |
| 852 | # | # | |b Kho đọc |j KD.0019472 |
| 852 | # | # | |j KD.0019472 |
| 910 | |d 12/01/2017 | ||
| 980 | # | # | |a Trung tâm Học liệu Lê Vũ Hùng, Trường Đại học Đồng Tháp |